Biggest Cities In Nunavut - Statistics

General Stats
  • This quiz has been taken 21 times
  • The average score is 5 of 10
Answer Stats
Hint Answer % Correct
7,740 Iqaluit
100%
2,842 Rankin Inlet
68%
1,766 Cambridge Bay
63%
2,657 Arviat
58%
2,069 Baker Lake
58%
1,481 Pangnirtung
47%
1,617 Pond Inlet
42%
1,491 Kugluktuk
37%
1,441 Cape Dorset
32%
1,682 Igloolik
32%
No matching quizzes found
Score Distribution
Percent of People with Each Score
Percentile by Number Answered
Your Score History
You have not taken this quiz